| 000 | 00748nam a2200217 a 4500 | ||
|---|---|---|---|
| 005 | 20191224041619.0 | ||
| 008 | 140303b1999 ck |||||rm||| 00| 0 spa d | ||
| 040 |
_aCO-BoIAVH _cCO-BoIAVH |
||
| 041 | _aspa | ||
| 044 | _ack | ||
| 090 |
_aTE _b0099 |
||
| 100 | _aRodríguez Buriticá, Susana | ||
| 245 | _aEvaluación del impacto de la cosecha y propuestas de manejo de la Maraya (Geonoma orbignyana), una palma usada como follaje | ||
| 260 |
_aBogotá _bUniversidad Nacional de Colombia. Faculdad de Ciencias _c1999 |
||
| 300 | _a20 | ||
| 650 | _aImpacto ambiental | ||
| 650 | _aManejo de biodiversidad | ||
| 650 | _aEcología de poblaciones | ||
| 700 | _aOrjuela Restrepo, María Andrea | ||
| 942 |
_cTESIS _2z |
||
| 999 |
_c1979 _d1979 |
||